[Event "44th Chess Olympiad Open 2022"]
[Site "Chennai"]
[Date "2022.08.02"]
[Round "5.19"]
[White "Perez Ponsa, Federico"]
[Black "Cardoso Cardoso, Jose Gabriel"]
[Result "1/2-1/2"]
[WhiteElo "2554"]
[BlackElo "2493"]
[Annotator "RC"]
[PlyCount "101"]
[EventDate "2022.07.29"]
[EventType "team-tourn"]
[EventCountry "IND"]
[SourceTitle "playchess.com"]
[Source "ChessBase"]
[SourceQuality "1"]
[WhiteTeam "Argentina"]
[BlackTeam "Colombia"]
[WhiteTeamCountry "ARG"]
[BlackTeamCountry "COL"]

1. e4 c5 2. Nf3 d6 3. Bb5+ Nd7 4. c4 Ngf6 5. Nc3 a6 6. Ba4 e6 7. O-O Be7 8. d4
cxd4 9. Nxd4 O-O 10. Kh1 Qc7 11. Qe2 Ne5 12. Bb3 Nc6 13. Nxc6 Qxc6 14. f4 b5
15. e5 dxe5 16. fxe5 Nd7 17. Bf4 Nc5 18. Bc2 bxc4 19. Qg4 Bb7 20. Rf3 f5 21.
exf6 Bxf6 22. Raf1 Nd3 23. Bg3 Bxc3 24. bxc3 Qe4 25. Rxf8+ Rxf8 26. Rxf8+ Kxf8
27. Qxe4 Bxe4 28. Bd6+ Kf7 29. Kg1 Bd5 30. Kf1 e5 31. g3 Bf3 32. Bxd3 cxd3 33.
Ke1 Ke6 34. Bf8 g6 35. Kd2 e4 36. c4 Kf5 37. Bd6 Kg4 38. h4 Kf5 39. Ke3 Bd1 40.
Bc7 Ba4 41. Bd6 Bc6 42. Bc7 Bd7 43. a3 Be6 44. a4 Bxc4 45. a5 Kg4 46. Bd6 Bd5
47. Bf4 Bc6 48. Kf2 Kh3 49. Bd2 Bb7 50. Be3 Bc6 51. Bd2 1/2-1/2

[Event "44th Chess Olympiad Open 2022"]
[Site "Chennai"]
[Date "2022.08.02"]
[Round "5.21"]
[White "Ragger, Markus"]
[Black "Ferreira, Jorge Viterbo"]
[Result "1/2-1/2"]
[WhiteElo "2647"]
[BlackElo "2499"]
[Annotator "RC"]
[PlyCount "60"]
[EventDate "2022.07.29"]
[EventType "team-tourn"]
[EventCountry "IND"]
[SourceTitle "playchess.com"]
[Source "ChessBase"]
[SourceQuality "1"]
[WhiteTeam "Austria"]
[BlackTeam "Portugal"]
[WhiteTeamCountry "AUT"]
[BlackTeamCountry "POR"]

1. e4 e5 2. Nf3 Nf6 3. Nxe5 d6 4. Nf3 Nxe4 5. d4 d5 6. Bd3 Bf5 7. O-O Be7 8.
Re1 O-O 9. Nbd2 Nd6 10. Nf1 Bxd3 11. Qxd3 c6 12. Bf4 Na6 13. h4 Nc7 14. Ng5 g6
15. Ne3 h6 16. Nf3 h5 17. Rac1 Bf6 18. Be5 Ne6 19. g3 Re8 20. b3 Bg7 21. c4
dxc4 22. bxc4 Bxe5 23. dxe5 Nf5 24. Qxd8 Raxd8 25. Nxf5 gxf5 26. Rcd1 Kg7 27.
Kg2 f6 28. Kf1 fxe5 29. Nxe5 Nc5 30. Nf3 Rxe1+ 1/2-1/2

[Event "44th Chess Olympiad Open 2022"]
[Site "Chennai"]
[Date "2022.08.02"]
[Round "5.22"]
[White "Laurusas, Tomas"]
[Black "Keinanen, Toivo"]
[Result "1/2-1/2"]
[WhiteElo "2561"]
[BlackElo "2477"]
[Annotator "RC"]
[PlyCount "106"]
[EventDate "2022.07.29"]
[EventType "team-tourn"]
[EventCountry "IND"]
[SourceTitle "playchess.com"]
[Source "ChessBase"]
[SourceQuality "1"]
[WhiteTeam "Lithuania"]
[BlackTeam "Finland"]
[WhiteTeamCountry "LTU"]
[BlackTeamCountry "FIN"]

1. d4 d5 2. c4 e6 3. Nc3 Be7 4. Nf3 Nf6 5. Bg5 h6 6. Bh4 dxc4 7. e3 c5 8. Bxc4
cxd4 9. Nxd4 Bd7 10. O-O Nc6 11. Nf3 O-O 12. Rc1 Rc8 13. Be2 Nh5 14. Bxe7 Qxe7
15. Ne4 Rfd8 16. Qd6 Be8 17. Qxe7 Nxe7 18. Rxc8 Nxc8 19. Rc1 Bc6 20. Nc3 Nf6
21. Ne5 Ne7 22. Nxc6 Nxc6 23. Kf1 Kf8 24. Bf3 Ne5 25. Be2 Rc8 26. Rd1 Ke7 27.
Rd4 Ne8 28. Re4 Rc5 29. f4 Nc6 30. Rc4 Rxc4 31. Bxc4 Nd6 32. Be2 e5 33. Kf2 Ke6
34. Bf3 f5 35. Bd5+ Kf6 36. Ke2 g5 37. g3 Na5 38. Kd3 Nc6 39. a3 e4+ 40. Kc2
Na5 41. Nd1 Nc6 42. Kc3 Ne7 43. Kd4 gxf4 44. gxf4 b6 45. Nc3 Ne8 46. b4 Nc7 47.
a4 Ng6 48. h3 Nh4 49. a5 Nf3+ 50. Kc4 Nd2+ 51. Kd4 Nf3+ 52. Kc4 Nd2+ 53. Kd4
Nf3+ 1/2-1/2

[Event "44th Chess Olympiad Open 2022"]
[Site "Chennai"]
[Date "2022.08.02"]
[Round "5.23"]
[White "Georgiadis, Nico"]
[Black "Tin, Jingyao"]
[Result "1/2-1/2"]
[WhiteElo "2578"]
[BlackElo "2552"]
[Annotator "RC"]
[PlyCount "101"]
[EventDate "2022.07.29"]
[EventType "team-tourn"]
[EventCountry "IND"]
[SourceTitle "playchess.com"]
[Source "ChessBase"]
[SourceQuality "1"]
[WhiteTeam "Switzerland"]
[BlackTeam "SGP"]
[WhiteTeamCountry "SUI"]

1. e4 e5 2. Nf3 Nc6 3. Bb5 a6 4. Ba4 Nf6 5. O-O Nxe4 6. d4 b5 7. Bb3 d5 8. dxe5
Be6 9. Nbd2 Be7 10. Qe2 Nc5 11. Rd1 O-O 12. c3 f6 13. Nd4 Nxd4 14. cxd4 Nxb3
15. Nxb3 fxe5 16. Qxe5 Bf7 17. Re1 Bd6 18. Qg5 a5 19. Qxd8 Rfxd8 20. Bd2 a4 21.
Na5 Rdb8 22. Nc6 Rb6 23. Rac1 Re8 24. a3 Rxe1+ 25. Bxe1 Be8 26. Nb4 Bxb4 27.
Bxb4 Rc6 28. Re1 Bd7 29. f3 Re6 30. Rc1 c6 31. Kf2 Be8 32. Bd2 Bg6 33. Rc3 Bb1
34. Bf4 Ba2 35. Be5 Bc4 36. f4 g6 37. g4 Re7 38. Re3 Ba2 39. Rc3 Bc4 40. Re3
Ba2 41. h4 Kf7 42. Rh3 h5 43. gxh5 gxh5 44. Rg3 Bb1 45. Rg5 Ke6 46. Rxh5 Rh7
47. Rxh7 Bxh7 48. h5 Bc2 49. Ke3 Bf5 50. h6 Bh7 51. Bg7 1/2-1/2

[Event "44th Chess Olympiad Open 2022"]
[Site "Chennai"]
[Date "2022.08.02"]
[Round "5.25"]
[White "Kantans, Toms"]
[Black "Jumabayev, Rinat"]
[Result "0-1"]
[WhiteElo "2486"]
[BlackElo "2617"]
[Annotator "RC"]
[PlyCount "83"]
[EventDate "2022.07.29"]
[EventType "team-tourn"]
[EventCountry "IND"]
[SourceTitle "playchess.com"]
[Source "ChessBase"]
[SourceQuality "1"]
[WhiteTeam "Latvia"]
[BlackTeam "Kazakhstan"]
[WhiteTeamCountry "LAT"]
[BlackTeamCountry "KAZ"]

1. e4 e6 2. d4 d5 3. Nd2 c5 4. Ngf3 cxd4 5. Nxd4 Nc6 6. Bb5 Bd7 7. Nxc6 bxc6 8.
Bd3 Bd6 9. O-O Qc7 10. h3 Nf6 11. Qe2 O-O 12. c4 Rfe8 13. c5 Bh2+ 14. Kh1 Bf4
15. b4 a5 16. Bb2 e5 17. b5 cxb5 18. exd5 Nxd5 19. Ne4 Rab8 20. Rad1 Re6 21.
Bc2 Nb4 22. Bb3 Rh6 23. Nd6 Bxh3 24. Nxf7 Bxg2+ 25. Kxg2 Qc6+ 26. Qf3 Rh2+ 27.
Kg1 Qxf3 28. Nxe5+ Qxb3 29. axb3 Rc8 30. Rd7 Rh5 31. Nf3 Bh6 32. Ra1 Rhxc5 33.
Rxa5 Nc6 34. Ra1 Rf8 35. Rc7 Rc2 36. Ba3 b4 37. Ne5 Nd4 38. Bxb4 Rxc7 39. Bxf8
Kxf8 40. Ra8+ Ke7 41. Rh8 Kf6 42. Ng4+ 0-1

[Event "44th Chess Olympiad Open 2022"]
[Site "Chennai"]
[Date "2022.08.02"]
[Round "5.26"]
[White "Tari, Aryan"]
[Black "Phiri, Richmond"]
[Result "1-0"]
[WhiteElo "2672"]
[BlackElo "2293"]
[Annotator "RC"]
[PlyCount "83"]
[EventDate "2022.07.29"]
[EventType "team-tourn"]
[EventCountry "IND"]
[SourceTitle "playchess.com"]
[Source "ChessBase"]
[SourceQuality "1"]
[WhiteTeam "Norway"]
[BlackTeam "Zambia"]
[WhiteTeamCountry "NOR"]
[BlackTeamCountry "ZAM"]

1. e4 c5 2. Nf3 e6 3. d4 cxd4 4. Nxd4 a6 5. h3 Nf6 6. Bd3 Nc6 7. Nxc6 dxc6 8.
O-O e5 9. Be3 Be7 10. Nd2 b5 11. a4 Be6 12. Nf3 Nd7 13. Qd2 O-O 14. Ng5 Nc5 15.
Nxe6 Nxe6 16. Qc3 Qc7 17. Ra2 b4 18. Qc4 a5 19. c3 Rab8 20. Be2 Rfd8 21. Bg4
Nf4 22. Raa1 h5 23. Bf3 g6 24. h4 Qc8 25. Rfd1 Bxh4 26. cxb4 Rxb4 27. Qc3 Qe6
28. g3 Nh3+ 29. Kg2 Rxd1 30. Rxd1 Be7 31. Qd2 Qf6 32. Qd7 Ng5 33. Qe8+ Bf8 34.
Bxg5 Qxg5 35. Rd8 Qh6 36. Qxe5 Qg7 37. Qxa5 Rxb2 38. Qc5 Ra2 39. Qc4 Ra3 40. e5
Qxe5 41. Qb4 Rxf3 42. Qxf8+ 1-0

[Event "44th Chess Olympiad Open 2022"]
[Site "Chennai"]
[Date "2022.08.02"]
[Round "5.26"]
[White "Christiansen, Johan-Sebastian"]
[Black "Kabwe Timothy"]
[Result "1-0"]
[WhiteElo "2593"]
[BlackElo "2248"]
[Annotator "RC"]
[PlyCount "101"]
[EventDate "2022.07.29"]
[EventType "team-tourn"]
[EventCountry "IND"]
[SourceTitle "playchess.com"]
[Source "ChessBase"]
[SourceQuality "1"]
[WhiteTeam "Norway"]
[BlackTeam "Zambia"]
[WhiteTeamCountry "NOR"]
[BlackTeamCountry "ZAM"]

1. e4 c6 2. d4 d5 3. Nd2 dxe4 4. Nxe4 Nf6 5. Nxf6+ gxf6 6. Nf3 Bg4 7. Be2 e6 8.
O-O Bg7 9. Bf4 O-O 10. h3 Bxf3 11. Bxf3 f5 12. c3 Nd7 13. a4 a5 14. Qb3 Qb6 15.
Ra3 Qa7 16. Rd1 Rfe8 17. Qc2 Rad8 18. Rb3 Nf6 19. Bc7 Rc8 20. Be5 Nd7 21. Bf4
Nf8 22. Bd6 Ng6 23. Bc5 Qa8 24. c4 Bf8 25. Bb6 Bb4 26. c5 h6 27. Bh5 Kh7 28.
Bxg6+ fxg6 29. Re3 Re7 30. d5 cxd5 31. Rxd5 Rce8 32. Rd6 Qc8 33. Qc4 e5 34.
Rxe5 Rg7 35. Qe2 Rxe5 36. Qxe5 Qf8 37. Re6 Rd7 38. h4 Qg7 39. h5 Qxe5 40. hxg6+
Kg7 41. Rxe5 Kxg6 42. Re6+ Kh5 43. c6 bxc6 44. Rxc6 f4 45. Bxa5 Bxa5 46. Rc5+
Kh4 47. Rxa5 Rd1+ 48. Kh2 Rd2 49. Rb5 Rxf2 50. a5 Rf1 51. Rb3 1-0

[Event "44th Chess Olympiad Open 2022"]
[Site "Chennai"]
[Date "2022.08.02"]
[Round "5.26"]
[White "Lungu, Nase"]
[Black "Hammer, Jon Ludvig"]
[Result "1/2-1/2"]
[WhiteElo "2216"]
[BlackElo "2638"]
[Annotator "RC"]
[PlyCount "79"]
[EventDate "2022.07.29"]
[EventType "team-tourn"]
[EventCountry "IND"]
[SourceTitle "playchess.com"]
[Source "ChessBase"]
[SourceQuality "1"]
[WhiteTeam "Zambia"]
[BlackTeam "Norway"]
[WhiteTeamCountry "ZAM"]
[BlackTeamCountry "NOR"]

1. c4 e5 2. g3 c6 3. Nf3 e4 4. Nd4 d5 5. cxd5 Qxd5 6. Nc2 Nf6 7. Bg2 Qh5 8. h3
Qg6 9. Nc3 Na6 10. O-O Bc5 11. d4 exd3 12. Qxd3 Qxd3 13. exd3 Be6 14. Bg5 O-O-O
15. Rfd1 Be7 16. d4 Nc7 17. b4 h6 18. Bxf6 Bxf6 19. Ne4 Be7 20. Rdc1 Nb5 21.
Nc5 Bxc5 22. dxc5 Nc3 23. Bf1 Rd2 24. Ne3 Rxa2 25. Kg2 Rd8 26. Bc4 Bxc4 27.
Nxc4 Rxa1 28. Rxa1 Nb5 29. Re1 Rd4 30. Na5 Rxb4 31. Re7 Na3 32. Rxf7 Rb5 33.
Nxb7 Nc4 34. Nd6+ Nxd6 35. cxd6 Rb7 36. Rf8+ Kd7 37. Rf7+ Kc8 38. Rf8+ Kd7 39.
Rf7+ Kc8 40. Rf8+ 1/2-1/2

[Event "44th Chess Olympiad Open 2022"]
[Site "Chennai"]
[Date "2022.08.02"]
[Round "5.27"]
[White "Korobov, Anton"]
[Black "Kiik, Kalle"]
[Result "1-0"]
[WhiteElo "2692"]
[BlackElo "2365"]
[Annotator "RC"]
[PlyCount "113"]
[EventDate "2022.07.29"]
[EventType "team-tourn"]
[EventCountry "IND"]
[SourceTitle "playchess.com"]
[Source "ChessBase"]
[SourceQuality "1"]
[WhiteTeam "Ukraine"]
[BlackTeam "Estonia"]
[WhiteTeamCountry "UKR"]
[BlackTeamCountry "EST"]

1. d4 d6 2. Nf3 Nf6 3. c4 c6 4. Nc3 Bg4 5. e4 Nbd7 6. Be2 e5 7. O-O Be7 8. Be3
O-O 9. h3 Bxf3 10. Bxf3 a5 11. Be2 Re8 12. Qc2 Qc7 13. Rad1 exd4 14. Bxd4 Nc5
15. f4 Nfd7 16. Bf3 Bf6 17. Bf2 Re7 18. Ne2 Rae8 19. Ng3 g6 20. Rfe1 h5 21. b3
Bg7 22. a3 Bh6 23. b4 axb4 24. axb4 Na6 25. Ne2 Nxb4 26. Qd2 Na6 27. Qxd6 Qxd6
28. Rxd6 Ndc5 29. e5 Bf8 30. Red1 Rc7 31. R6d2 Ne6 32. f5 Ng5 33. Bg3 Rcc8 34.
Nf4 Bc5+ 35. Kh2 Be3 36. Rd3 Nxf3+ 37. gxf3 Bxf4 38. Bxf4 Nc5 39. Rd6 Kh7 40.
Rg1 Rg8 41. Be3 Na6 42. Rf6 Rg7 43. Rxf7 Rxf7 44. fxg6+ Kg7 45. gxf7+ Kxf7 46.
f4 Ke6 47. Rg6+ Kf5 48. Rf6+ Ke4 49. Bb6 Kf3 50. f5 Nb4 51. e6 Ra8 52. e7 Nd3
53. Re6 c5 54. Bxc5 Ra2+ 55. Kh1 Ra1+ 56. Bg1 Nf2+ 57. Kh2 1-0

[Event "44th Chess Olympiad Open 2022"]
[Site "Chennai"]
[Date "2022.08.02"]
[Round "5.27"]
[White "Kuzubov, Yuriy"]
[Black "Volodin, Aleksandr"]
[Result "1-0"]
[WhiteElo "2642"]
[BlackElo "2454"]
[Annotator "RC"]
[PlyCount "81"]
[EventDate "2022.07.29"]
[EventType "team-tourn"]
[EventCountry "IND"]
[SourceTitle "playchess.com"]
[Source "ChessBase"]
[SourceQuality "1"]
[WhiteTeam "Ukraine"]
[BlackTeam "Estonia"]
[WhiteTeamCountry "UKR"]
[BlackTeamCountry "EST"]

1. c4 e6 2. Nc3 d5 3. d4 Nf6 4. cxd5 exd5 5. Bg5 c6 6. e3 Be7 7. Bd3 Nbd7 8.
Qc2 Nh5 9. Bxe7 Qxe7 10. Nge2 g6 11. O-O O-O 12. Rae1 Ndf6 13. Nc1 b6 14. f3 c5
15. Qf2 Bb7 16. a3 Rac8 17. Qh4 Rfe8 18. Kh1 Ng7 19. Bb5 Bc6 20. Ba6 Nf5 21.
Qf2 Rc7 22. e4 dxe4 23. fxe4 Ng4 24. Qf4 cxd4 25. Nb5 Rd7 26. Qxg4 Ne3 27. Rxe3
dxe3 28. Nc3 h5 29. Qf4 Bxe4 30. Bb5 Rd4 31. Kg1 Red8 32. Qxe3 f5 33. Bc6 Kg7
34. Bxe4 fxe4 35. h3 a5 36. N1e2 Rd2 37. Nf4 R8d4 38. Qg3 Qd6 39. Qg5 Rxb2 40.
Nxh5+ Kg8 41. Nf6+ 1-0

[Event "44th Chess Olympiad Open 2022"]
[Site "Chennai"]
[Date "2022.08.02"]
[Round "5.27"]
[White "Chukavin, Kirill"]
[Black "Volokitin, Andrei"]
[Result "1/2-1/2"]
[WhiteElo "2418"]
[BlackElo "2674"]
[Annotator "RC"]
[PlyCount "82"]
[EventDate "2022.07.29"]
[EventType "team-tourn"]
[EventCountry "IND"]
[SourceTitle "playchess.com"]
[Source "ChessBase"]
[SourceQuality "1"]
[WhiteTeam "Estonia"]
[BlackTeam "Ukraine"]
[WhiteTeamCountry "EST"]
[BlackTeamCountry "UKR"]

1. e4 c5 2. Nf3 d6 3. d4 cxd4 4. Nxd4 Nf6 5. Nc3 Nc6 6. Be2 e6 7. Be3 Be7 8.
O-O O-O 9. f4 Bd7 10. Nb3 e5 11. f5 a6 12. Bf3 b5 13. Qd2 a5 14. a4 bxa4 15.
Nxa4 Rb8 16. Nc3 h6 17. Kh1 Re8 18. Nd5 Nxd5 19. exd5 Nd4 20. Nxd4 exd4 21.
Bxd4 Bf6 22. Bxf6 Qxf6 23. b3 Rb4 24. Rxa5 Rd4 25. Qf2 Bxf5 26. Ra4 Rxa4 27.
bxa4 Ra8 28. Be2 Bxc2 29. Qxf6 gxf6 30. Bb5 Kg7 31. Bc6 Ra5 32. Kg1 f5 33. Kf2
Kf6 34. Ke3 Ke5 35. g3 Be4 36. Rd1 Rc5 37. Ra1 Rc3+ 38. Kd2 Rc2+ 39. Ke3 Rc3+
40. Kd2 Rc2+ 41. Ke3 Rc3+ 1/2-1/2

[Event "44th Chess Olympiad Open 2022"]
[Site "Chennai"]
[Date "2022.08.02"]
[Round "5.27"]
[White "Shishkov, Andrei"]
[Black "Onyshchuk, Volodymyr"]
[Result "0-1"]
[WhiteElo "2366"]
[BlackElo "2612"]
[Annotator "RC"]
[PlyCount "106"]
[EventDate "2022.07.29"]
[EventType "team-tourn"]
[EventCountry "IND"]
[SourceTitle "playchess.com"]
[Source "ChessBase"]
[SourceQuality "1"]
[WhiteTeam "Estonia"]
[BlackTeam "Ukraine"]
[WhiteTeamCountry "EST"]
[BlackTeamCountry "UKR"]

1. d4 d6 2. e4 Nf6 3. f3 e5 4. dxe5 dxe5 5. Qxd8+ Kxd8 6. Bc4 Ke8 7. Be3 Nbd7
8. Nd2 Bc5 9. Nf1 Ke7 10. Ne2 Ne8 11. a3 Nd6 12. Ba2 a5 13. Nc1 f6 14. Nd3 Bxe3
15. Nxe3 c6 16. O-O-O Nf8 17. f4 Ng6 18. Rhe1 Rd8 19. f5 Nf8 20. Nc5 b6 21. Na4
Nd7 22. Be6 Rb8 23. Bxd7 Bxd7 24. Nc3 b5 25. b4 Be8 26. Rd2 Nb7 27. Red1 Rxd2
28. Rxd2 Bf7 29. g4 h5 30. Rg2 hxg4 31. Nxg4 Ra8 32. Ne3 axb4 33. axb4 Ra1+ 34.
Kb2 Re1 35. Re2 Rh1 36. Rg2 Nd6 37. Rxg7 Re1 38. Ned1 Nxe4 39. Nxe4 Rxe4 40.
Kc3 Rc4+ 41. Kd2 Rxb4 42. Ne3 Rd4+ 43. Ke2 Rh4 44. Rg2 b4 45. Kd2 c5 46. c3 b3
47. Kc1 Rh3 48. Re2 c4 49. Kb2 Bh5 50. Nd5+ Kd6 51. Rd2 Rd3 52. Rxd3 cxd3 53.
Nxf6 Bf3 0-1

[Event "44th Chess Olympiad Open 2022"]
[Site "Chennai"]
[Date "2022.08.02"]
[Round "5.28"]
[White "Erdos, Viktor"]
[Black "Guzman, Christopher"]
[Result "1-0"]
[WhiteElo "2586"]
[BlackElo "2243"]
[Annotator "RC"]
[PlyCount "103"]
[EventDate "2022.07.29"]
[EventType "team-tourn"]
[EventCountry "IND"]
[SourceTitle "playchess.com"]
[Source "ChessBase"]
[SourceQuality "1"]
[WhiteTeam "Hungary"]
[BlackTeam "Dominican Republic"]
[WhiteTeamCountry "HUN"]
[BlackTeamCountry "DOM"]

1. d4 Nf6 2. c4 e6 3. Bf4 b6 4. a3 Bb7 5. Nc3 d5 6. cxd5 Nxd5 7. Nxd5 exd5 8.
Rc1 Bd6 9. Bxd6 Qxd6 10. Qc2 c6 11. e3 Qg6 12. Qd1 O-O 13. Nf3 Nd7 14. Bd3 Qd6
15. Qc2 h6 16. Bh7+ Kh8 17. Bf5 Rfc8 18. Ne5 Nxe5 19. dxe5 Qxe5 20. Bxc8 Rxc8
21. O-O c5 22. Rfe1 Qg5 23. f3 Rc6 24. Qf2 a5 25. b4 axb4 26. axb4 c4 27. Rcd1
Re6 28. Rd4 Qe7 29. Qd2 b5 30. Qc3 Kg8 31. Rg4 f6 32. Rd4 Kh8 33. Kf2 Ra6 34.
Ra1 Rxa1 35. Qxa1 Bc6 36. Qc3 Qe5 37. h4 Kh7 38. Qa1 Qe7 39. Qa5 Qb7 40. Rd2
Qb8 41. Qa1 Qd6 42. Qc3 Qe7 43. Ra2 f5 44. Qd4 Qxb4 45. Ra7 Qf8 46. Rc7 Ba8 47.
Qe5 f4 48. exf4 b4 49. f5 Kh8 50. Qe6 Bb7 51. Rxb7 Qd8 52. Re7 1-0

[Event "44th Chess Olympiad Open 2022"]
[Site "Chennai"]
[Date "2022.08.02"]
[Round "5.28"]
[White "Kantor, Gergely"]
[Black "Camacho Campusano, David Daniel"]
[Result "1/2-1/2"]
[WhiteElo "2582"]
[BlackElo "2221"]
[Annotator "RC"]
[PlyCount "65"]
[EventDate "2022.07.29"]
[EventType "team-tourn"]
[EventCountry "IND"]
[SourceTitle "playchess.com"]
[Source "ChessBase"]
[SourceQuality "1"]
[WhiteTeam "Hungary"]
[BlackTeam "Dominican Republic"]
[WhiteTeamCountry "HUN"]
[BlackTeamCountry "DOM"]

1. d4 Nf6 2. c4 c5 3. d5 b5 4. cxb5 a6 5. e3 g6 6. Nc3 Bg7 7. a4 O-O 8. e4 e6
9. Bc4 axb5 10. Bxb5 Bb7 11. Nge2 Na6 12. O-O exd5 13. exd5 Nb4 14. d6 Re8 15.
Bg5 h6 16. Bh4 Qb6 17. Qd2 Ne4 18. Nxe4 Rxe4 19. Bg3 Bc6 20. Nc3 Rd4 21. Qe2
Nd5 22. Nxd5 Rxd5 23. Rfe1 Bxb5 24. axb5 Rb8 25. Qf3 Rf5 26. Qb3 Bd4 27. Re2
Kg7 28. h4 Qxb5 29. Qxb5 Rxb5 30. Ra7 Rxb2 31. Rxb2 Bxb2 32. Rxd7 Be5 33. Bxe5+
1/2-1/2

[Event "44th Chess Olympiad Open 2022"]
[Site "Chennai"]
[Date "2022.08.02"]
[Round "5.28"]
[White "Mazara Ruiz, Adan Manuel"]
[Black "Acs, Peter"]
[Result "0-1"]
[WhiteElo "2286"]
[BlackElo "2575"]
[Annotator "RC"]
[PlyCount "110"]
[EventDate "2022.07.29"]
[EventType "team-tourn"]
[EventCountry "IND"]
[SourceTitle "playchess.com"]
[Source "ChessBase"]
[SourceQuality "1"]
[WhiteTeam "Dominican Republic"]
[BlackTeam "Hungary"]
[WhiteTeamCountry "DOM"]
[BlackTeamCountry "HUN"]

1. e4 c5 2. Nf3 d6 3. Bb5+ Nd7 4. c3 Ngf6 5. Qe2 a6 6. Ba4 Qc7 7. O-O c4 8. Bc2
g6 9. a4 Ne5 10. Nxe5 dxe5 11. Na3 Be6 12. d4 cxd3 13. Bxd3 Rc8 14. Nc2 h5 15.
Nb4 h4 16. f4 Bg7 17. f5 gxf5 18. exf5 Bd7 19. a5 h3 20. g3 Bh6 21. Bxh6 Rxh6
22. Rae1 Qc5+ 23. Kh1 Qxa5 24. Qxe5 Qd8 25. Qf4 Rh8 26. Qe5 Kf8 27. Be4 Qc7 28.
Qxc7 Rxc7 29. Nd5 Nxd5 30. Bxd5 Rh6 31. Kg1 Rb6 32. Rf2 Rb5 33. c4 Rb4 34. Re3
Bc6 35. Bxc6 Rxc6 36. b3 a5 37. Rfe2 Rcb6 38. Re5 Rxb3 39. Rxa5 Rf3 40. Ra1
Rxf5 41. Rae1 e6 42. Rf1 Rxf1+ 43. Kxf1 Rb1+ 44. Kf2 Rc1 45. Rb2 Rxc4 46. Rxb7
Rc2+ 47. Kg1 Rc1+ 48. Kf2 Rh1 49. g4 Rxh2+ 50. Kg3 Rh1 51. Rb4 Kg7 52. Ra4 Kf6
53. Rf4+ Kg6 54. Re4 Kg5 55. Re5+ Kf6 0-1

[Event "44th Chess Olympiad Open 2022"]
[Site "Chennai"]
[Date "2022.08.02"]
[Round "5.28"]
[White "Arvelo Leo, Gian Carlo"]
[Black "Berkes, Ferenc"]
[Result "0-1"]
[WhiteElo "2176"]
[BlackElo "2649"]
[Annotator "RC"]
[PlyCount "64"]
[EventDate "2022.07.29"]
[EventType "team-tourn"]
[EventCountry "IND"]
[SourceTitle "playchess.com"]
[Source "ChessBase"]
[SourceQuality "1"]
[WhiteTeam "Dominican Republic"]
[BlackTeam "Hungary"]
[WhiteTeamCountry "DOM"]
[BlackTeamCountry "HUN"]

1. Nf3 d5 2. g3 g6 3. Bg2 Bg7 4. d4 Nf6 5. O-O O-O 6. c4 c6 7. cxd5 cxd5 8. Nc3
Nc6 9. Ne5 e6 10. Nxc6 bxc6 11. Na4 Nd7 12. Bf4 Ba6 13. Qd2 Rc8 14. Rfe1 c5 15.
Bd6 Bxd4 16. Bxf8 Qxf8 17. e3 Bg7 18. Qa5 Qd6 19. Rac1 c4 20. Bf1 Qc6 21. b3
Ne5 22. Be2 Bb7 23. f3 d4 24. Rf1 d3 25. Bxd3 Nxf3+ 26. Kf2 Nxh2 27. Rxc4 Qf3+
28. Ke1 Qxe3+ 29. Be2 Rxc4 30. Qd8+ Bf8 31. bxc4 Nxf1 32. Kxf1 Qxg3 0-1

[Event "44th Chess Olympiad Open 2022"]
[Site "Chennai"]
[Date "2022.08.02"]
[Round "5.29"]
[White "Supi, Luis Paulo"]
[Black "Giron, Jorge Ernesto"]
[Result "1/2-1/2"]
[WhiteElo "2603"]
[BlackElo "2288"]
[Annotator "RC"]
[PlyCount "126"]
[EventDate "2022.07.29"]
[EventType "team-tourn"]
[EventCountry "IND"]
[SourceTitle "playchess.com"]
[Source "ChessBase"]
[SourceQuality "1"]
[WhiteTeam "Brazil"]
[BlackTeam "El Salvador"]
[WhiteTeamCountry "BRA"]
[BlackTeamCountry "ESA"]

1. e4 c5 2. Nf3 d6 3. d4 cxd4 4. Nxd4 Nf6 5. Nc3 Bd7 6. f3 e5 7. Nb3 Be7 8. Be3
O-O 9. Be2 Be6 10. Nd5 Nxd5 11. exd5 Bf5 12. Qd2 Nd7 13. O-O Bg6 14. Kh1 a5 15.
a4 Nc5 16. Nxc5 dxc5 17. f4 exf4 18. Bxf4 Bd6 19. c4 Re8 20. Bf3 Qc7 21. Bxd6
Qxd6 22. Rfe1 b6 23. g3 Kf8 24. Kg2 Rxe1 25. Rxe1 Re8 26. Re3 f6 27. Kf2 Rxe3
28. Qxe3 Bc2 29. Be4 Bxa4 30. Bxh7 Bd7 31. Bd3 Kf7 32. h4 f5 33. b3 Qf6 34. Be2
Qd6 35. Bh5+ g6 36. Be2 Qf6 37. Kf3 Qb2 38. h5 gxh5 39. Qh6 Qc3+ 40. Kg2 Qf6
41. Qxh5+ Ke7 42. Qh4 Kf7 43. Bh5+ Kg7 44. Qf4 Kf8 45. Qh4 Kg7 46. Qf4 Kf8 47.
Kf2 Qb2+ 48. Be2 Ke7 49. Qh4+ Kd6 50. Qd8 Qd4+ 51. Kg2 Qe4+ 52. Kf2 Qd4+ 53.
Kf1 b5 54. cxb5 Qxd5 55. Qb8+ Ke7 56. Qf4 Qxb3 57. Qc7 Qd5 58. b6 Qh1+ 59. Kf2
Qh2+ 60. Kf1 Qh1+ 61. Kf2 Qh2+ 62. Kf1 Qh1+ 63. Kf2 Qh2+ 1/2-1/2

[Event "44th Chess Olympiad Open 2022"]
[Site "Chennai"]
[Date "2022.08.02"]
[Round "5.30"]
[White "Kadric, Denis"]
[Black "Rakotomaharo, Fy Antenaina"]
[Result "1/2-1/2"]
[WhiteElo "2554"]
[BlackElo "2490"]
[Annotator "RC"]
[PlyCount "71"]
[EventDate "2022.07.29"]
[EventType "team-tourn"]
[EventCountry "IND"]
[SourceTitle "playchess.com"]
[Source "ChessBase"]
[SourceQuality "1"]
[WhiteTeam "Montenegro"]
[BlackTeam "Madagascar"]
[WhiteTeamCountry "MNE"]
[BlackTeamCountry "MAD"]

1. e4 e5 2. Nf3 Nc6 3. Bc4 Bc5 4. d3 Nf6 5. O-O d6 6. c3 a6 7. Bb3 Ba7 8. Re1
h6 9. Nbd2 g5 10. Nf1 g4 11. N3d2 h5 12. Nc4 h4 13. Be3 Nh5 14. Bxa7 Nxa7 15.
Nce3 Qg5 16. Nd5 Kd8 17. g3 Nc6 18. Qd2 Qg6 19. d4 Ng7 20. Nb4 Nxb4 21. cxb4 f6
22. Rac1 Be6 23. Ba4 Rc8 24. d5 Bd7 25. Bxd7 Kxd7 26. Rc4 f5 27. Rec1 fxe4 28.
Qc2 Ne8 29. Ne3 Rh7 30. a4 hxg3 31. fxg3 Rf7 32. b5 Rf3 33. bxa6 bxa6 34. Rc3
Ke7 35. Qe2 Rb8 36. Ng2 1/2-1/2

[Event "44th Chess Olympiad Open 2022"]
[Site "Chennai"]
[Date "2022.08.02"]
[Round "5.32"]
[White "Hsu, Hsuan-Ming"]
[Black "Rasmussen, Allan Stig"]
[Result "0-1"]
[WhiteElo "1900"]
[BlackElo "2550"]
[Annotator "RC"]
[PlyCount "50"]
[EventDate "2022.07.29"]
[EventType "team-tourn"]
[EventCountry "IND"]
[SourceTitle "playchess.com"]
[Source "ChessBase"]
[SourceQuality "1"]
[WhiteTeam "Taiwan"]
[BlackTeam "Denmark"]
[WhiteTeamCountry "TPE"]
[BlackTeamCountry "DEN"]

1. e4 c6 2. d4 d5 3. e5 Bf5 4. Nc3 e6 5. g4 Bg6 6. Nge2 c5 7. h4 h5 8. Nf4 Bh7
9. Nxh5 Nc6 10. dxc5 Bxc5 11. Bg5 Qb6 12. Qd2 Kf8 13. O-O-O Qa5 14. Rh3 d4 15.
Nxg7 Kxg7 16. Bf6+ Nxf6 17. exf6+ Kf8 18. Qh6+ Ke8 19. Qg7 Rf8 20. Qxh7 dxc3
21. Rxc3 Bb4 22. Re3 Qxa2 23. c4 Rd8 24. Rxd8+ Kxd8 25. h5 Qa1+ 0-1